Statistieken voor Gemeenten van Flevoland met kaart

Klik hier om de quiz te nemen!

Algemene statistieken

  • Deze quiz is 508 keer genomen
  • De gemiddelde score is 5 van 6

Antwoorden op de kaart

Antwoorden kleurgecodeerd door een groen-rode schaal op de quizkaart volgens % correct hieronder.
 

Antwoordstatistieken

Antwoord% Correct
Almere
98%
Lelystad
97%
Urk
96%
Noordoostpolder
78%
Dronten
73%
Zeewolde
68%

Scoreverdeling

Percentiel versus Aantal Correcte Antwoorden

Procent van Mensen met Elke Score

Uw Scoregeschiedenis

U heeft deze quiz nog niet genomen